Normal view
MARC view
- PhD MECHANICAL ENGINEERING-2019
Entry Topical Term
001 - CONTROL NUMBER
- control field: 70184
003 - CONTROL NUMBER IDENTIFIER
- control field: NUST
005 - DATE AND TIME OF LATEST TRANSACTION
- control field: 20210628204409.0
008 - FIXED-LENGTH DATA ELEMENTS
- fixed length control field: 210628|| aca||aabn | a|a d
040 ## - CATALOGING SOURCE
- Original cataloging agency: NUST
- Transcribing agency: NUST
150 ## - HEADING--TOPICAL TERM
- Topical term or geographic name entry element: PhD MECHANICAL ENGINEERING-2019
670 ## - SOURCE DATA FOUND
- Source citation: Work cat.: (NUST): Syed Maaz Hasan 70183, TH-SOF-1670-Complexity Framework of Adaptive Scalable Manufacturing Systems , 2019
